000 00954nam a2200253 u 4500
001 000061316
005 20200120223953.0
008 140703s2001 sp gr| 000 0 spa d
041 0 _acspa
043 _as-p----
082 0 4 _a136.7
_bC15
_221
100 1 _aCalderón Alarcón, Viviana Isabel
245 1 0 _aEstimulación temprana :
_bguía para el desarrollo integral del niño /
_cViviana Isabel Calderón Alarcón ; Paola Andrea Sánchez Novoa ; Monica Suárez Arias ; ilustraciones de Álvaro Villamizar Monroy.
260 _aBarcelona :
_bEuroamericana ediciones,
_c2001.
300 _a80 p. :
_bil. ;
_c26 cm.
500 _aIncluye índice
650 1 7 _aEstimulación temprana
_2LEMB
650 2 7 _aDesarrollo infantil
_2LEMB
650 1 7 _aAptitud motora en niños
_2LEMB
650 1 7 _aNiños en crecimiento
_2LEMB
700 1 _aSánchez Novoa, Paola Andrea
700 1 _aSuárez Arias, Monica
700 1 _aVillamizar Monroy, Álvaro
_eilustrador
999 _c7671
_d7671